| 000 -LEADER |
| fixed length control field |
00773cam a2200229 i 4500 |
| 001 - CONTROL NUMBER |
| control field |
19216 |
| 003 - CONTROL NUMBER IDENTIFIER |
| control field |
BD-DhUAP |
| 005 - DATE AND TIME OF LATEST TRANSACTION |
| control field |
20200216114611.0 |
| 008 - FIXED-LENGTH DATA ELEMENTS--GENERAL INFORMATION |
| fixed length control field |
200216r20132013ii 01| 0 eng d |
| 020 ## - INTERNATIONAL STANDARD BOOK NUMBER |
| International Standard Book Number |
9789350352694 |
| 020 ## - INTERNATIONAL STANDARD BOOK NUMBER |
| International Standard Book Number |
9350352699 |
| 040 ## - CATALOGING SOURCE |
| Original cataloging agency |
DKAGE |
| Language of cataloging |
eng |
| Transcribing agency |
DKAGE |
| Modifying agency |
BD-DhUAP |
| 082 04 - DEWEY DECIMAL CLASSIFICATION NUMBER |
| Edition number |
23 |
| Classification number |
347.54012 IYE |
| 100 ## - MAIN ENTRY--PERSONAL NAME |
| Personal name |
Iyer, V. R. Krishna. |
| 245 00 - TITLE STATEMENT |
| Title |
Judicial activism in India : |
| Remainder of title |
a festschrift in honour of justice V.R. Krishna Iyer / |
| Statement of responsibility, etc. |
V. R. Krishna Iyer ; edited by Lokendra Malik. |
| 250 ## - EDITION STATEMENT |
| Edition statement |
1st ed. |
| 264 #1 - PRODUCTION, PUBLICATION, DISTRIBUTION, MANUFACTURE, AND COPYRIGHT NOTICE |
| Place of production, publication, distribution, manufacture |
New Delhi : |
| Name of producer, publisher, distributor, manufacturer |
Universal Law Publishing Co. Pvt. Ltd., |
| Date of production, publication, distribution, manufacture, or copyright notice |
c2013 [Reprinted 2014]. |
| 300 ## - PHYSICAL DESCRIPTION |
| Extent |
xl, 391 pages ; |
| Dimensions |
25 cm. |
| 650 #0 - SUBJECT ADDED ENTRY--TOPICAL TERM |
| Topical term or geographic name entry element |
Political questions and judicial power |
| Geographic subdivision |
India. |
| 700 1# - ADDED ENTRY--PERSONAL NAME |
| Personal name |
Malik, Lokendra, |
| 942 ## - ADDED ENTRY ELEMENTS (KOHA) |
| Source of classification or shelving scheme |
|
| Koha item type |
Book |